00846nam a22002417a 450000500170000001000130001702000100003003500130004003700160005304000120006908200160008110000340009724500590013126000450019027000420023530000260027750000510030365000460035465000370040094200250043799900190046295201230048120170124110050.0 aA-150344 c00.00 aA-150344 bCen Lib/Ret aDPLbEN a883.08bKRI aKrishnaswamy, Shantha 925283 aGlimpses of women in India /cby Shantha Krishnaswamy. aNew DelhibAshish Publishing Housec1983 bNew Delhia8/81, Punjabi Baghe110026 aviii,375p. c20cm(Hb) aIncludes bibliographical references and index  aWomen -- India -- Social conditions96885 aWomen -- Social conditions98449 2ddccENh883.08mKRI c129065d129065 00104070aLbLd2015-07-04eCen Lib/Retg0.00l0o883.08 KRIpA-150344r2015-07-04 00:00:00t1v0.00w2015-07-04yEN